000 00944nam a22002417a 4500
999 _c7786
_d7786
003 AR-CdUCM
008 190321b ||||| |||| 00| 0 spa d
040 _aMUNICIPALIDAD PROVINCIAL DEL CUSCO
_cBIBLIOTECA MUNICIPAL DEL CUSCO
041 _heng
082 _23ed.
_a375.52 /
_bH19
100 _aHamrin, S. A.
_922004
245 _aPláticas de orientación a los maestros /
260 _bLito reforma,
_c1962.
300 _aIV, 158 páginas ;
_c19 cm.
505 _aContenido: Todo maestro es un orientador -- Estudio del individuo -- Creciendo vocacionalmente -- Cómo hacer uso del descanso constructivamente -- Los diez mandamientos de la higiene mental ...
650 _aOrientación a maestros
_922005
650 _aMaestros
_93509
650 _aPedagogía
_91560
710 _aCentro Regional de Ayuda Técnica
_910048
710 _aAgencia para el Desarrollo Internacional (AID)
_910049
942 _2ddc
_cLIBROS
945 _alccs